| 000 | 00000nam##2200000za#4500 |
| 001 | 9.565900 |
| 003 | CaOODSP |
| 005 | 20210624180030 |
| 007 | cr ||||||||||| |
| 008 | 150406|2002||||xxc|||||o f|0| 0 eng|d |
| 040 | |aCaOODSP|beng |
| 043 | |an-cn--- |
| 086 | 1 |aTU3-7/02-6E-PDF |
| 110 | 2 |aTransportation Safety Board of Canada. |
| 245 | 10|aStriking of crib light 82 by the tug-barge unit Progress/Pitts Carillon in the Saint Lawrence Seaway off Broder Island, Ontario, 21 April 2002 |h[electronic resource] |
| 260 | |bTransportation Safety Board of Canada |c[2004]. |
| 300 | |a11p.|billus., map, references, table, photographs |
| 490 | 1 |aMarine investigation report |vM02C0011 |
| 590 | |a10-05-Supp|b2010-07-20 |
| 690 | 07|aMarine accidents|2gcpds |
| 775 | 08|tHeurt violent du feu 82 par l'ensemble remorqueur-chaland Progress/Pitts Carillon dans la Voie maritime du Saint-Laurent aux abords de l'île Broder (Ontario), le 21 avril 2002 |w(CaOODSP)9.597384 |
| 830 | #0|aMarine investigation report ;|vM02C0011|w(CaOODSP)9.504867 |
| 856 | 40|ahttp://publications.gc.ca|qPDF|s859 KB|uhttps://publications.gc.ca/collections/collection_2009/bst-tsb/TU3-7-02-6E.pdf|yM02C0011 |